| 000 | 00926nam a2200241Ia 4500 | ||
|---|---|---|---|
| 003 | OSt | ||
| 005 | 20250410124830.0 | ||
| 008 | 191128s2017 ck gr 000 fdspa d | ||
| 020 | _a9789584256720 | ||
| 040 |
_aCO-JMCR _cCO-JMCR |
||
| 041 | _aspa | ||
| 082 | 0 | 4 |
_aA-N _bAPAp |
| 100 | 1 |
_aAparicio Laserna, Arturo, _eautor _96313 |
|
| 245 | 1 | 0 |
_aPedro de Heredia : _bla maldición del oro y la espada / _cArturo Aparicio |
| 250 | _aPrimera edición | ||
| 260 |
_aBogotá : _bEmecé, _c2017 |
||
| 300 |
_a414 páginas ; _c 23 cm. |
||
| 490 | 0 | _aCruz del sur | |
| 500 | _aIncluye datos biográficos del autor Bibliografía: páginas [401]-411 | ||
| 520 | _aPedro de Heredia fue emboscado una noche en la callejuela de Madrid. Seis hombres lo atacaron a mansalva y pese a contar con el factor sorpresa a su favor, no lograron matarlo. Solo le despuntaron la nariz. | ||
| 650 | 1 | 4 |
_aNovela colombiana _96314 |
| 942 |
_2ddc _cBK |
||
| 999 |
_c3777 _d3777 |
||